Supplemento ai principii di diritto civile /
Guardado en:
| Autor Principal: | |
|---|---|
| Formato: | Libro |
| Idioma: | Spanish |
| Publicado: |
Milano :
Societá editrice libraria,
1903
|
| Etiquetas: |
Agregar Etiqueta
Sin Etiquetas, Sea el primero en etiquetar este registro!
|
| LEADER | 00743nam a22001935a 4500 | ||
|---|---|---|---|
| 001 | DER.der001201 | ||
| 005 | 20050906000000.0 | ||
| 008 | 180615s1903####||||||||||||||||||||spa|| | ||
| 100 | 1 | |a Laurent, F. | |
| 245 | 1 | 0 | |a Supplemento ai principii di diritto civile / |c F. Laurent |
| 260 | |a Milano : |b Societá editrice libraria, |c 1903 | ||
| 859 | |a DERECHO |b BIB. DERECHO |h 346 |i LAU |p 002651 | ||
| 859 | |a DERECHO |b BIB. DERECHO |h 346 |i LAU |p 002652 | ||
| 859 | |a DERECHO |b BIB. DERECHO |h 346 |i LAU |p 002653 | ||
| 859 | |a DERECHO |b BIB. DERECHO |h 346 |i LAU |p 002654 | ||
| 859 | |a DERECHO |b BIB. DERECHO |h 346 |i LAU |p 002655 | ||
| 859 | |a DERECHO |b BIB. DERECHO |h 346 |i LAU |p 002656 | ||
| 859 | |a DERECHO |b BIB. DERECHO |h 346 |i LAU |p 002657 | ||
| 859 | |a DERECHO |b BIB. DERECHO |h 346 |i LAU |p 002658 | ||
